Principles of business management (Record no. 5757)

MARC details
000 -LEADER
fixed length control field 00579cam a2200217ua 4500
001 - CONTROL NUMBER
control field 6613
005 - DATE AND TIME OF LATEST TRANSACTION
control field 20260515114056.0
008 - FIXED-LENGTH DATA ELEMENTS--GENERAL INFORMATION
fixed length control field 140703n ii |||gr||||Z||||||eng
020 ## - INTERNATIONAL STANDARD BOOK NUMBER
International Standard Book Number 978-81-272-3832-2
040 ## - CATALOGING SOURCE
Transcribing agency MAIN
082 ## - DEWEY DECIMAL CLASSIFICATION NUMBER
Classification number 658
245 ## - TITLE STATEMENT
Title Principles of business management
Statement of responsibility, etc. By R.K. Sharma
250 ## - EDITION STATEMENT
Edition statement Rep. ed.
260 ## - PUBLICATION, DISTRIBUTION, ETC.
Place of publication, distribution, etc. Ludhiana:
Name of publisher, distributor, etc. Kalyani publishers,
Date of publication, distribution, etc. 2008.
300 ## - PHYSICAL DESCRIPTION
Extent x,349p.
653 ## - INDEX TERM--UNCONTROLLED
Uncontrolled term General management
653 ## - INDEX TERM--UNCONTROLLED
Uncontrolled term Principles of business management
700 ## - ADDED ENTRY--PERSONAL NAME
Personal name Sharma,R.K.,
Relator term Author.,
700 ## - ADDED ENTRY--PERSONAL NAME
Personal name Gupta,Shashi K.,
Relator term Author.
942 ## - ADDED ENTRY ELEMENTS (KOHA)
Koha item type Books
Holdings
Withdrawn status Lost status Damaged status Not for loan Home library Current library Shelving location Date acquired Total checkouts Full call number Barcode Date last seen Date last checked out Copy number Price effective from Koha item type
        Naharkatiya College Library Naharkatiya College Library General stacks 09/19/2020 1 658 | SHA 19381 08/05/2023 08/04/2023 1 09/19/2020 Books
        Naharkatiya College Library Naharkatiya College Library General stacks 09/19/2020   658 | SHA 19382 09/19/2020   2 09/19/2020 Books